MDQL
is popping MORE tags! Check the
thread
!
Quizzes
Events
Quiz Creation
Community
Videos
Private Events
Remove Ads
Sign In
Join for FREE
Feedback
Dark Mode
Quiz Categories
Sports
Geography
Music
Movies
Television
Just For Fun
Miscellaneous
History
Literature
Language
Science
Gaming
Entertainment
Religion
Holiday
For Kids
Quiz Lab
Recent
Popular Today
Quiz Kudos Today
Editor Picks
Curator Picks
Quizzes by...
Day
Popularity
Type
Ratings
Length
Year
Community
Subscriptions
Recent Discussions
Orange Saloon
Badges
Playlists
Quests
Create
Leaderboards
Showdown
Live 5
Trivia Bingo
Activity
Puzzle Library
Sporcle Events
Private Events
Virtual Trivia
Globe League
Become a Host
Pub Owners
SporcleCon
Opinionation
Our Games
Videos
Blog
Mobile Apps
Partnerships
Remove Ads and Go Orange
Feedback
Gaming
Video Games
Board Games
Card Games
Pokémon
Mario
Nintendo
Minecraft
Console
Toys
Legend of Zelda
Gaming
Video Games
Board Games
Card Games
Pokémon
Mario
Nintendo
Minecraft
Console
Toys
Legend of Zelda
Random Quiz
Search Sporcle
×
Quiz Lab
Quiz Lab
Gaming
State
Type in answers that appear in a list
Type in answers that appear in a list
Classic
Best Score? Go Orange.
Pvz heroes: plants (set 2) Stats
Can you name the pvz heroes: plants (set 2)?
By
Lolcheese1234
15m
52 Questions
58 Plays
58 Plays
58 Plays
Comments
Comments
Give Quiz Kudos
Give Quiz Kudos
-
- Ratings
hide this ad
More Info
Minefield
Wrong answers will end the quiz
Wrong answers will end the quiz
Wrong Answers
Some wrong answers will appear in red
Some wrong answers will appear in red
Replay
Link that replays current quiz
Next Quiz
Link to next quiz in quiz playlist
You Got
0%
They Got
Avg Score
61%
Avg Friend Score
Upgrade to see
Score Distribution
Jump to the score distribution portion of the page
Score
0/52
Timer
15:00
0
Plays Today
class, rarity
Plant
% Correct
Guardian, Super-
Rare Environment
???
82.8%
Guardian, Legendary Squash Plant
???
82.8%
Guardian, Rare Nut Plant
???
81%
Kabloom, Uncommon Banana Trick
???
81%
Guardian, Super-
Rare Fruit Tree Plant
???
79.3%
Kabloom, Super-
Rare Banana Plant
???
79.3%
Guardian, Uncommon Root Environment
???
77.6%
Guardian, Super-
Rare Cactus Flower Plant
???
77.6%
Kabloom, Uncommon Mushroom Environment
???
77.6%
Guardian, Rare Root Plant
???
74.1%
Kabloom, Rare Mushroom Plant
???
74.1%
Mega-
Grow, Rare Banana Trick
???
74.1%
Mega-
Grow, Rare Pea Plant
???
74.1%
Smarty, Legendary Dragon Fruit Plant
???
74.1%
Smarty, Rare Bean Plant
???
72.4%
Guardian, Uncommon Trick
???
70.7%
Guardian, Legendary Nut Plant
???
70.7%
Kabloom, Legendary Leafy Plant
???
70.7%
Solar, Rare Flower Plant
???
70.7%
Solar, Legendary Cactus Plant
???
65.5%
Kabloom, Legendary Flower Plant
???
63.8%
Mega-
Grow, Super-
Rare Root Environment
???
63.8%
Smarty, Uncommon Flytrap Plant
???
63.8%
Solar, Legendary Fruit Plant
???
63.8%
Mega-
Grow, Uncommon Bean Environment
???
62.1%
Smarty, Uncommon Berry Environment
???
62.1%
class, rarity
Plant
% Correct
Solar, Uncommon Flytrap Environment
???
62.1%
Kabloom, Super-
Rare Mushroom Plant
???
60.3%
Kabloom, Token Environment
???
60.3%
Mega-
Grow, Legendary Fruit Plant
???
60.3%
Solar, Super-
Rare Environment
???
60.3%
Kabloom, Super-
Rare Fruit Environment
???
58.6%
Mega-
Grow, Uncommon Pea Plant
???
58.6%
Solar, Uncommon Moss Plant
???
58.6%
Guardian, Uncommon Tree Root Plant
???
56.9%
Smarty, Legendary Fruit Plant
???
56.9%
Solar, Super-
Rare Pea Nut Plant
???
56.9%
Mega-
Grow, Legendary Root Plant
???
55.2%
Kabloom, Rare Fruit Trick
???
53.4%
Solar, Token Seed Plant
???
53.4%
Kabloom, Uncommon Leafy Flower Plant
???
50%
Mega-
Grow, Super-
Rare Bean Plant
???
50%
Mega-
Grow, Super-
Rare Pea Plant
???
48.3%
Smarty, Super-
Rare Bean Plant
???
46.6%
Mega-
Grow, Uncommon Trick
???
43.1%
Solar, Rare Leafy Flower Plant
???
43.1%
Smarty, Super-
Rare Animal Plant
???
41.4%
Solar, Super-
Rare Fruit Trick
???
39.7%
Solar, Uncommon Fruit Plant
???
37.9%
Smarty, Uncommon Leafy Plant
???
36.2%
Smarty, Rare Fruit Plant
???
32.8%
Smarty, Super-
Rare Environment
???
25.9%
Quiz Playlist
Details
Report
Send in Message
Add To Playlist
More Info:
No event cards. uncommons, rares, super-rares, legendaries, and tokens only.
Classic:
Type in answers that appear in a list
Minefield:
Wrong answers will end the quiz
Wrong Answers:
Some wrong answers will appear in red
Last Updated: Jun 23, 2017
Quiz Scoreboard
CHALLENGE
Sign Up to Join the Scoreboard
Show All
Scores
Hide
Comments
May contain spoilers
Recently Published
5x2 Blitz: Bands
by SL_Kpop136
Music
30s
Colored Red Africa Blitz
by spor1
Geography
30s
Find the 'City' Movie
by crazypaving
Movies
60s
More to Explore
Quiz From the Vault
Featured Blog Post
14 Easter Pick-up Lines to Find Eggs With
hide this ad
You Might Also Like...
Tags
State Quiz
class
Here
Rarity
set
Today's Top Quizzes in Gaming
Browse Gaming
hide this ad
Today's Top Quizzes in State
Browse State
Top Contributed Quizzes in Gaming
1
Genshin murder mystery
2
Dead By Daylight Logic Puzzle
3
Destiny 2 exotic weapons by perk icons
4
League of Legends Pro Players by Career/Team History
5
Genshin Impact Logic Puzzle
6
Overwatch 2: Ultimate Ability Icons
7
Genshin Impact Logic Puzzle Quiz II
8
Overwatch Logic Puzzle
9
Who's on the WWE 2K24 Cover?
10
5-to-1: Legend of Zelda
Explore More
Trending Topics
Crossword
Marvel
Kpop
NBA
Harry Potter
Anime
Disney
Country
Pokémon
Puzzle
NFL
Song
WWE
The Office
Soccer
hide this ad
More By:
Lolcheese1234
Quiz
Plays
Rating
Category
Featured
Created
PvZ Heroes: Event Cards
313
5.00
Gaming
Jun 27, 2017
pvz heroes: plants (set 2)
58
5.00
Gaming
Jun 23, 2017
Go to Creator's Profile
Score Distribution
Quiz Creator Spotlight
Lolcheese1234
Follow
Send a Message
Quizzes Created
-
Created Quiz Play Count
-
More By This Creator
Popular Quizzes Today
1
Colored Red Africa Blitz
2
Find the 'City' Movie
3
Find the US States - No Outlines Minefield
4
5x2 Blitz: Bands
5
The Countries of the World
6
Find the US States
7
Find the Countries of Europe - No Outlines Minefield
8
US States
More Gaming Quizzes
Chessboard Setup
Published
Trending Quizzes
Colored Red Europe Blitz I
Colored Red Europe Blitz II
Colored Red Africa Blitz II
Colored Red Europe Blitz III
Colored Red Africa Blitz III
Recently Updated
How Do You Spell That?
pecheneg
Godzilla Movies
pecheneg
Grab Bag: 4-10 Letters
pecheneg
2024 March Madness Bracket
pecheneg
Famous TV Couples
Peacemaker
Champions League XIs: Real Madrid
pecheneg
Largest US Cities 1790-2010
pecheneg
Rides in Walt Disney World
pecheneg
Most Oscar Losses (Acting)
pecheneg
Beyoncé Albums
pecheneg
Trending Topics
Marvel
Disney
Kpop
Crossword
Harry Potter
NBA
Anime
Song
Pokémon
Country
NFL
Puzzle
Soccer
WWE
The Office
Your Account Isn't Verified!
In order to create a playlist on Sporcle, you need to verify the email address you used during registration. Go to your
Sporcle Settings
to finish the process.
Report this User
Report this user for behavior that violates our
Community Guidelines
.
Details:
Send Report
Go to the Sporcle.com Mobile Site →
Comments